000 00463nam a2200157 i 4500
001 59982
003 ES-MaACL
005 20230906164131.0
007 t|
008 031031s1970 sp ||||1| spa d
100 1 _aErenchun Onzalo, Juan.
_947380
245 1 0 _aCestona /
_cJuan Erenchun Onzalo.
260 _aSan Sebastián :
_bCaja de Ahorros Municipal de San Sebastián,
_c1970.
300 _a140 p., 27 lám. ;
_c20 cm.
852 _aES-MaACL
_jC-49577
_bR.74338
999 _c59982
_d59982